header

Literature and society (Record no. 253486)

MARC details
000 -LEADER
fixed length control field 00390nam a22001457a 4500
003 - CONTROL NUMBER IDENTIFIER
control field OSt
005 - DATE AND TIME OF LATEST TRANSACTION
control field 20160511094457.0
008 - FIXED-LENGTH DATA ELEMENTS--GENERAL INFORMATION
fixed length control field 160511b xxu||||| |||| 00| 0 eng d
020 ## - INTERNATIONAL STANDARD BOOK NUMBER
International Standard Book Number 0135381827
040 ## - CATALOGING SOURCE
Transcribing agency N/A
100 ## - MAIN ENTRY--PERSONAL NAME
Personal name Pamela Jeanne Annas at al
245 ## - TITLE STATEMENT
Title Literature and society
Remainder of title Fiction Poetry ,drama nonfiction
260 ## - PUBLICATION, DISTRIBUTION, ETC. (IMPRINT)
Place of publication, distribution, etc New Jersey
Name of publisher, distributor, etc Prentice Hall
Date of publication, distribution, etc 1990
942 ## - ADDED ENTRY ELEMENTS (KOHA)
Source of classification or shelving scheme Library of Congress Classification
Koha item type Long Loan Books
Holdings
Withdrawn status Lost status Source of classification or shelving scheme Damaged status Not for loan Home library Current library Date acquired Total Checkouts Total Renewals Full call number Barcode Date last seen Date checked out Price effective from Koha item type
    Library of Congress Classification     Rongo University Library Rongo University Library 11/05/2016 2 1 PN 51.A551990 201612018 03/10/2019 17/09/2019 11/05/2016 Long Loan Books

© 2026 Rongo University
Contact us: librarian | system librarian | Rongo university